Electric Drives and their controls (Record no. 612145)

000 -LEADER
fixed length control field 00375nam a22001337a 4500
020 ## - INTERNATIONAL STANDARD BOOK NUMBER
International Standard Book Number 9780198593713
040 ## - CATALOGING SOURCE
Transcribing agency Nust
082 ## - DEWEY DECIMAL CLASSIFICATION NUMBER
Classification number 621.823
Author Mark CRO
100 ## - MAIN ENTRY--PERSONAL NAME
Personal name Richard M. Crowder
9 (RLIN) 126465
245 ## - TITLE STATEMENT
Title Electric Drives and their controls
260 ## - PUBLICATION, DISTRIBUTION, ETC.
Place of publication, distribution, etc. New York:
Name of publisher, distributor, etc. Oxford University press,
Date of publication, distribution, etc. 1995.
650 ## - SUBJECT ADDED ENTRY--TOPICAL TERM
Topical term or geographic name entry element Electric Drives and their controls
9 (RLIN) 126466
942 ## - ADDED ENTRY ELEMENTS (KOHA)
Source of classification or shelving scheme
Koha item type Book
Holdings
Withdrawn status Lost status Source of classification or shelving scheme Damaged status Not for loan Permanent Location Current Location Shelving location Date acquired Total Checkouts Full call number Barcode Date last seen Price effective from Koha item type
          College of Electrical & Mechanical Engineering (CEME) College of Electrical & Mechanical Engineering (CEME) General Stacks 10/24/2024   621.823 CRO CEME- 34829 10/24/2024 10/24/2024 Book
© 2023 Central Library, National University of Sciences and Technology. All Rights Reserved.